Confronting AIDS: (Record no. 40254)

MARC details
000 -LEADER
fixed length control field 00687nam a22001937a 4500
008 - FIXED-LENGTH DATA ELEMENTS--GENERAL INFORMATION
fixed length control field 120206t xxu||||| |||| 00| 0 eng d
020 ## - INTERNATIONAL STANDARD BOOK NUMBER
International Standard Book Number 0195215915
050 ## - LIBRARY OF CONGRESS CALL NUMBER
Classification number RA644.A25
Item number C63 1997
245 ## - TITLE STATEMENT
Title Confronting AIDS:
Remainder of title public priorities in a global epidemic
250 ## - EDITION STATEMENT
Edition statement Rivised edition
260 ## - PUBLICATION, DISTRIBUTION, ETC. (IMPRINT)
Place of publication, distribution, etc Oxford.
Name of publisher, distributor, etc Oxford University Press
Date of publication, distribution, etc 1997
300 ## - PHYSICAL DESCRIPTION
Extent Xxv,365p.
500 ## - GENERAL NOTE
General note Includes bibliographical referencs
650 ## - SUBJECT ADDED ENTRY--TOPICAL TERM
Topical term following geographic name as entry element ADIS(Disease)-Prevention- Govermnent Policy
650 ## - SUBJECT ADDED ENTRY--TOPICAL TERM
Topical term following geographic name as entry element World Bank
700 ## - ADDED ENTRY--PERSONAL NAME
Personal name World Bank
942 ## - ADDED ENTRY ELEMENTS (KOHA)
Source of classification or shelving scheme Library of Congress Classification
Item type Book
Holdings
Withdrawn status Lost status Source of classification or shelving scheme Damaged status Not for loan Collection code Home library Current library Shelving location Date acquired Source of acquisition Total Checkouts Full call number Barcode Date last borrowed Copy number Price effective from Koha item type
    Library of Congress Classification     Non-fiction Bishop Okullu Memorial Library (Limuru Campus) Bishop Okullu Memorial Library (Limuru Campus) General Circulation 06/02/2012 purchase 8 RA644.A25 C63 1997 030445 17/09/2019 1 06/02/2012 Book